000 00355nam a22001577a 4500
003 MPLRDC
005 20220104142623.0
008 210129b ||||| |||| 00| 0 eng d
082 _a848.1 XY-8
100 _a徐于著
245 _a传杯集
_c
260 _a
_b创垦出版社
_c
300 _b
650 _a现代别集
942 _cBK
_o848.1 XY-8
999 _c32362
_d32352